000 00359nam a2200133Ia 4500
008 240624s9999 xx 000 0 und d
041 _aeng
082 _a658.4038 KHO
100 _aKHOSROW POUR MEHDI
245 _aCASES ON INFORMATION TECHNOLOGY AND ORGA
260 _c2006
_aHershey
_bIdea Group Publishing
300 _a413 : p. : cm. ; 26
365 _c
_b30
999 _c10620
_d10620